Instituciones de derecho procesal civil
Guardat en:
| Autor principal: | |
|---|---|
| Format: | Llibre |
| Idioma: | espanyol |
| Publicat: |
Madrid
Revista de Derecho Privado
1954
|
| Col·lecció: | Grandes Tratados Generales de Derecho Privado y Público, 14-15-16
|
| Matèries: | |
| Etiquetes: |
Afegir etiqueta
Sense etiquetes, Sigues el primer a etiquetar aquest registre!
|
MARC
| LEADER | 00000nam a2200000 a 4500 | ||
|---|---|---|---|
| 001 | UCS0675 | ||
| 003 | CL-VaPUC | ||
| 008 | 970426e19540000SP |||||||||||||||||spa|d | ||
| 082 | 0 | 4 | |a 347 |b CHI |2 21 |
| 100 | 0 | |a Chiovenda, Giuseppe |e author |9 384453 | |
| 245 | 1 | 0 | |a Instituciones de derecho procesal civil |
| 300 | |a 3 v | ||
| 942 | |c BK | ||
| 945 | |d 19970426 00:00:00 |a paguirre | ||
| 260 | |a Madrid |b Revista de Derecho Privado |c 1954 | ||
| 500 | |a v.1: Conceptos fundamentales. La doctrina de las acciones | ||
| 500 | |a v.2: Las relaciones procesales, la jurisdicción y los sujetos del proceso | ||
| 500 | |a v.3: Las relaciones procesales, la relación procesal ordinaria de conocimiento | ||
| 650 | 0 | |a Derecho civil |9 255013 | |
| 650 | 0 | |a Derecho procesal civil |9 258071 | |
| 650 | 0 | |a Procedimiento civil |9 254870 | |
| 650 | 7 | |a HECHO JURIDICO |2 CL-VaPUC |9 384051 | |
| 650 | 7 | |a LEGISLACION |2 CL-VaPUC |9 384454 | |
| 650 | 0 | |a Sentencias |9 256250 | |
| 650 | 0 | |a Cosa juzgada |9 255091 | |
| 650 | 7 | |a DEMANDA |2 CL-VaPUC |9 255172 | |
| 650 | 0 | |a Jurisdicción |9 255090 | |
| 650 | 0 | |a Tribunales de justicia |9 328494 | |
| 650 | 0 | |a Jueces |9 256162 | |
| 650 | 0 | |a Actos procesales |9 336544 | |
| 650 | 0 | |a Prueba |9 256247 | |
| 650 | 0 | |a Costas |9 261336 | |
| 583 | |a last modification |c 19970426 00:00:00 |k Rodrigo Vera | ||
| 490 | 0 | |a Grandes Tratados Generales de Derecho Privado y Público, 14-15-16 | |
| 999 | |c 258892 |d 258890 | ||
| 952 | |0 0 |1 0 |4 0 |6 347_000000000000000_CHI_1954 |7 0 |8 A |9 283272 |a BIBDER |b BIBDER |d 2019-11-19 |h v.1 |i 1839632 |l 3 |o 347 CHI 1954 |p 1839632 |r 2023-07-03 |s 2023-07-03 |w 2019-11-19 |y BK |k DER | ||
| 952 | |0 0 |1 0 |4 0 |6 347_000000000000000_CHI_1954 |7 0 |8 A |9 283273 |a BIBDER |b BIBDER |d 2019-11-19 |h v.2 |i 1839640 |l 3 |o 347 CHI 1954 |p 1839640 |r 2023-07-03 |s 2023-07-03 |w 2019-11-19 |y BK |k DER | ||
| 952 | |0 0 |1 0 |4 0 |6 347_000000000000000_CHI_1954 |7 0 |8 A |9 283274 |a BIBDER |b BIBDER |d 2019-11-19 |h v.3 |i 1839659 |o 347 CHI 1954 |p 1839659 |r 2023-01-25 |w 2019-11-19 |y BK |k DER | ||
| 952 | |0 0 |1 0 |4 0 |6 347_000000000000000_CHI_1954 |7 0 |8 A |9 283275 |a BIBDER |b BIBDER |d 2019-11-19 |h v.2 |i 1954725 |o 347 CHI 1954 |p 1954725 |r 2023-01-25 |w 2019-11-19 |y BK |k DER | ||
| 952 | |0 0 |1 0 |4 0 |6 347_000000000000000_CHI_1954 |7 0 |8 A |9 283276 |a BIBDER |b BIBDER |d 2019-11-19 |h v.3 |i 1954776 |o 347 CHI 1954 |p 1954776 |r 2023-01-25 |w 2019-11-19 |y BK |k DER | ||